000 00724nam a2200253Ia 4500
003 OSt
005 20220918171931.0
006 a|||||r|||| 00| 0
007 ta
008 220917b |||||||| |||| 00| 0 eng d
020 _a9788189147006 (pbk)
_cINR 225.00
024 _a353,977
037 _b158, 22/12/2021, Mallika Books
_cTextual
040 _aARTS
_cARTS
_beng
041 _2eng
_aeng
082 _aS:65, R0
100 _aSiddhartha Au.
_939437
245 0 _aMysterious path to success
260 _aDelhi
_bMallika books India
_c2020
300 _a90p.
_ccm.
650 _aPSYCHOLOGY
942 _hS:65, R0
_cTEXL
_2CC
999 _c141937
_d141937